Adolf Hitler, the unknown artist / (Record no. 28017)

000 -LEADER
fixed length control field 01027cam a2200301 a 4500
001 - CONTROL NUMBER
control field 2353061
005 - DATE AND TIME OF LATEST TRANSACTION
control field 20170213115445.0
008 - FIXED-LENGTH DATA ELEMENTS--GENERAL INFORMATION
fixed length control field 850711s1984 txua bc 000 0 eng
010 ## - LIBRARY OF CONGRESS CONTROL NUMBER
LC control number 83091311
020 ## - INTERNATIONAL STANDARD BOOK NUMBER
International Standard Book Number 0961289406
040 ## - CATALOGING SOURCE
Original cataloging agency DLC
Transcribing agency DLC
Modifying agency DLC
041 1# - LANGUAGE CODE
Language code of text/sound track or separate title engger
050 00 - LIBRARY OF CONGRESS CALL NUMBER
Classification number N6888
Item number .H58A4 1984
100 1# - MAIN ENTRY--PERSONAL NAME
Personal name Hitler, Adolf,
Dates associated with a name 1889-1945.
240 10 - UNIFORM TITLE
Uniform title <a href="Adolf Hitler als Maler und Zeichner.">Adolf Hitler als Maler und Zeichner.</a>
Language of a work English
245 10 - TITLE STATEMENT
Title Adolf Hitler, the unknown artist /
Statement of responsibility, etc. by Billy F. Price.
250 ## - EDITION STATEMENT
Edition statement English language ed.
260 ## - PUBLICATION, DISTRIBUTION, ETC. (IMPRINT)
Place of publication, distribution, etc. Houston, Tex. :
Name of publisher, distributor, etc. B.F. Price,
Date of publication, distribution, etc. c1984.
300 ## - PHYSICAL DESCRIPTION
Extent 260 p. :
Other physical details ill. (some col.) ;
Dimensions 29 cm.
500 ## - GENERAL NOTE
General note Translation of: Adolf Hitler als Maler und Zeichner.
504 ## - BIBLIOGRAPHY, ETC. NOTE
Bibliography, etc Bibliography: p. 260.
600 10 - SUBJECT ADDED ENTRY--PERSONAL NAME
Personal name Hitler, Adolf,
Dates associated with a name 1889-1945
General subdivision Catalogs.
700 1# - ADDED ENTRY--PERSONAL NAME
Personal name Price, Billy F.
942 ## - ADDED ENTRY ELEMENTS (KOHA)
Source of classification or shelving scheme
Koha item type Hard Covered Materials
Classification part N6888 .H58A4 1984
Holdings
Withdrawn status Lost status Source of classification or shelving scheme Damaged status Not for loan Home library Current library Shelving location Date acquired Source of acquisition Total Checkouts Full call number Barcode Date last seen Price effective from Koha item type
          MACHAKOS UNIVERSITY LIBRARY MACHAKOS UNIVERSITY LIBRARY Technical section 13/02/2017 Donation(BFA)   N6888 .H58A4 1984 35886 07/06/2018 13/02/2017 Hard Covered Materials
© Machakos University Library, Along The Highway, Machakos Wote Rd, Machakos, Kenya P.O. Box 136 - 90100 Machakos - Kenya

Tel: ( +254 ) 723 805829 OR Fax : 044-20353 OR Email: library@mksu.ac.ke